000 00617nam a2200181 i 4500
001 47408
003 ES-MaACL
005 20230906161545.0
007 t|
008 030407s1949 sp |||| | spa d
100 1 _aCorchón García, Justo.
_940485
245 1 0 _aRelaciones topográficas referentes a Extremadura /
_cpor Justo Corchón García.
260 _a[S.l. :
_bs.n.,
_c1949]
300 _a12 h., II lám. ;
_c24 cm.
500 _aEs separata de: Revista de estudios geográficos, año X, 1949, n. 35, p. 299-321.
651 4 _aExtremadura-
_xRelaciones geográficas.
_9165855
852 _aES-MaACL
_j1908-F-4
999 _c47408
_d47408